000 00635nam a2200205 4500
003 OSt
005 20240708075653.0
006 a
008 240708b |||||||| |||| 00| 0 eng d
020 _a9780071260480
040 _aDWCL-Main lib.
_cOC
082 _2Eleventh edition
_aCirc. 658.5 C487o 2006
100 _aChase, Richard B.
245 _aOperations management for competative advantage /
250 _aEleventh edition
260 _aBoston :
_bMcGraw-Hill Companies,
_cc2006.
300 _axix,
_b806 p. : col. ill. ;
_c28 cm.
650 _a1. Production management.
942 _2ddc
_n0
_cBK-CIRC
_eEleventh edition
_kCirc.
999 _c2114
_d2114